000 00279nam a22001217a 4500
008 171206b xxu||||| |||| 00| 0 eng d
041 _aeng
080 _a621
100 _a27
101 _aIIM
245 _aSIMULATION IN RESEARCH AND DEVELOPMENT
_cEGER.H
942 _2udc
_cBK
999 _c38790
_d38790